| 000 | 00601nam a2200205Ia 4500 | ||
|---|---|---|---|
| 999 |
_c3579 _d3579 |
||
| 020 | _a0-8039-1736-8 | ||
| 082 | _a300.15195 MCI-; | ||
| 100 | _aMcIver, John P. | ||
| 245 | 0 | _aUnidimensional scaling | |
| 260 |
_aLondon _bSage Publications _c1981 |
||
| 300 | _a96p. | ||
| 440 | _aSage University paper series on quantitative applications in | ||
| 504 | _aIncludes bibliography | ||
| 650 | _aSocial sciences - Statistical methods | ||
| 650 | _aScaling (Social sciences) | ||
| 650 | _aMultidimensional scaling | ||
| 700 | _aCarmines, Edward G. | ||
| 700 | _aLewis-Beck, Michael S. | ||
| 942 | _cBK | ||